Detalles MARC
| 000 -LEADER |
| fixed length control field |
01701nam a2200433Ii 4500 |
| 001 - CONTROL NUMBER |
| control field |
DIGBIBDIG019 |
| 003 - CONTROL NUMBER IDENTIFIER |
| control field |
NyNyDIG |
| 008 - FIXED-LENGTH DATA ELEMENTS--GENERAL INFORMATION |
| fixed length control field |
180828s2012 fr o 000 p spa d |
| 006 - FIXED-LENGTH DATA ELEMENTS--ADDITIONAL MATERIAL CHARACTERISTICS |
| fixed length control field |
m o d |
| 007 - PHYSICAL DESCRIPTION FIXED FIELD--GENERAL INFORMATION |
| fixed length control field |
cr ||||||||||| |
| 035 ## - SYSTEM CONTROL NUMBER |
| System control number |
(OCoLC)1057388102 |
| 040 ## - CATALOGING SOURCE |
| Original cataloging agency |
DGITA |
| Language of cataloging |
eng |
| Description conventions |
rda |
| -- |
pn |
| Transcribing agency |
DGITA |
| 020 ## - INTERNATIONAL STANDARD BOOK NUMBER |
| International Standard Book Number |
9791021314160 |
| Qualifying information |
(eBook ; |
| -- |
ePub) |
| 043 ## - GEOGRAPHIC AREA CODE |
| Geographic area code |
s-ag--- |
| 050 14 - LIBRARY OF CONGRESS CALL NUMBER |
| Classification number |
F2845 ebook |
| 100 1# - MAIN ENTRY--PERSONAL NAME |
| Personal name |
López y Planes, Vicente, |
| Dates associated with a name |
1784-1856, |
| Relator term |
author. |
| 240 10 - UNIFORM TITLE |
| Uniform title |
Works. |
| Form subheading |
Selections (2012) |
| 245 10 - TITLE STATEMENT |
| Title |
Obras / |
| Statement of responsibility, etc. |
Vicente López y Planes. |
| 246 3# - VARYING FORM OF TITLE |
| Title proper/short title |
Obras de Vicente López y Planes |
| 264 #1 - PRODUCTION, PUBLICATION, DISTRIBUTION, MANUFACTURE, AND COPYRIGHT NOTICE |
| Place of production, publication, distribution, manufacture |
[Paris?] : |
| Name of producer, publisher, distributor, manufacturer |
Ediciones la Biblioteca Digital, |
| Date of production, publication, distribution, manufacture, or copyright notice |
[2012?] |
| 300 ## - PHYSICAL DESCRIPTION |
| Extent |
1 online resource. |
| 336 ## - CONTENT TYPE |
| Content type term |
text |
| Content type code |
txt |
| Source |
rdacontent |
| 337 ## - MEDIA TYPE |
| Media type term |
computer |
| Media type code |
c |
| Source |
rdamedia |
| 338 ## - CARRIER TYPE |
| Carrier type term |
online resource |
| Carrier type code |
cr |
| Source |
rdacarrier |
| 500 ## - GENERAL NOTE |
| General note |
Poems. |
| 505 0# - FORMATTED CONTENTS NOTE |
| Formatted contents note |
El triunfo argentino -- Himno Nacional Argentino. |
| 588 0# - SOURCE OF DESCRIPTION NOTE |
| Source of description note |
Online resource; title from ePub title page (Digitalia, viewed November 21, 2016) |
| 651 #0 - SUBJECT ADDED ENTRY--GEOGRAPHIC NAME |
| Geographic name |
Argentina |
| General subdivision |
History |
| Chronological subdivision |
English Invasions, 1806-1807 |
| Form subdivision |
Poetry. |
| 651 #0 - SUBJECT ADDED ENTRY--GEOGRAPHIC NAME |
| Geographic name |
Buenos Aires (Argentina) |
| General subdivision |
History |
| Chronological subdivision |
19th century |
| Form subdivision |
Poetry. |
| 650 #0 - SUBJECT ADDED ENTRY--TOPICAL TERM |
| Topical term or geographic name entry element |
National songs |
| Geographic subdivision |
Argentina. |
| 655 #0 - INDEX TERM--GENRE/FORM |
| Genre/form data or focus term |
Electronic books. |
| 700 12 - ADDED ENTRY--PERSONAL NAME |
| Relationship information |
Container of (work): |
| Personal name |
López y Planes, Vicente, |
| Dates associated with a name |
1784-1856. |
| Title of a work |
Triunfo argentino. |
| 700 12 - ADDED ENTRY--PERSONAL NAME |
| Relationship information |
Container of (work): |
| Personal name |
López y Planes, Vicente, |
| Dates associated with a name |
1784-1856. |
| Title of a work |
Himno nacional argentino. |
| 791 2# - |
| -- |
Digitalia (Firm), |
| -- |
distributor. |
| 793 0# - |
| -- |
Digitalia eBook Collection: |
| -- |
Ediciones La Biblioteca Digital |
| 856 40 - ELECTRONIC LOCATION AND ACCESS |
| Materials specified |
Digitalia Hispánica |
| Uniform Resource Identifier |
<a href="https://www.digitaliapublishing.com/a/26323/">https://www.digitaliapublishing.com/a/26323/</a> |
| 910 ## - USER-OPTION DATA (OCLC) |
| User-option data |
Premium collection: 2016 |
| 942 ## - ADDED ENTRY ELEMENTS (KOHA) |
| Koha item type |
Recurso Electrónico |